LEADER 00930nam0-2200325---450- 001 990004760510403321 005 20100209132858.0 035 $a000476051 035 $aFED01000476051 035 $a(Aleph)000476051FED01 035 $a000476051 100 $a19990604g19119999km-y0itay50------ba 101 0 $ager 102 $aDE 105 $ay-------001yy 200 1 $a<>ältesten Martyrologien$fhrsg. von Hans Lietzmann 205 $a2. Aufl. 210 $aBonn$cA. Marcus und E. Weber$d1911 215 $a18 p.$d20 cm 225 1 $aKleine Texte für Vorlesungen und Übungen$v2 300 $aRilegato in miscellanea 676 $a272 702 1$aLietzmann,$bHans$c<1875-1942> 801 0$aIT$bUNINA$gRICA$2UNIMARC 901 $aBK 912 $a990004760510403321 952 $a200.92 KLEINE TEXTE 1-7 (2)$bR. Bibl. 16300$fFLFBC 959 $aFLFBC 996 $aÄltesten Martyrologien$9560350 997 $aUNINA LEADER 00907nam0-2200337---450- 001 990009518490403321 005 20120126115834.0 010 $a88-7188-292-X 035 $a000951849 035 $aFED01000951849 035 $a(Aleph)000951849FED01 035 $a000951849 100 $a20120126d1998----km-y0itay50------ba 101 0 $aita 102 $aIT 105 $a--------001zy 200 1 $aOperette morali$fGiacomo Leopardi$ga cura di Cesare Galimberti 205 $a5. ed. 210 $aNapoli$cGuida$d1998 215 $a587 p.$d23 cm 225 1 $aSaggi$v3 676 $a858.708 700 1$aLeopardi,$bGiacomo$f<1798-1837>$0292683 702 1$aGalimberti,$bCesare$f<1928- > 801 0$aIT$bUNINA$gRICA$2UNIMARC 901 $aBK 912 $a990009518490403321 952 $a851.7 LEOP 4(2)$bBibl.61330$fFLFBC 959 $aFLFBC 996 $aOperette morali$938274 997 $aUNINA LEADER 01538nam 2200373Ia 450 001 996393797903316 005 20200824132112.0 035 $a(CKB)3810000000005837 035 $a(EEBO)2248554327 035 $a(OCoLC)ocm12258251e 035 $a(OCoLC)12258251 035 $a(EXLCZ)993810000000005837 100 $a19850712d1642 uy | 101 0 $aeng 135 $aurbn||||a|bb| 200 14$aThe Scotts declaration in answer to the declaration sent unto them by their commissioners now at London from the honourable Houses of Parliament of England$b[electronic resource] $eexpressing their care to prevent the effusion of christian blood : and their affections to reformation both to kirk and state 210 $a[London] $cPrinted for Edw. Husbands and John Francks ...$dSeptem. 1, 1642 215 $a15 p 300 $aAttributed to Alexander Henderson by Wing. 300 $aReproduction of original in Thomason Collection, British Library. 330 $aeebo-0158 606 $aChurch history$vEarly works to 1800 607 $aScotland$xHistory$yCharles I, 1625-1649$vSources 615 0$aChurch history 701 $aHenderson$b Alexander$f1583?-1646.$01003757 801 0$bEAA 801 1$bEAA 801 2$bm/c 801 2$bUMI 801 2$bWaOLN 906 $aBOOK 912 $a996393797903316 996 $aThe Scotts declaration, in answer to the declaration, sent unto them by their commissioners now at London, from the honourable Houses of Parliament of England$92397043 997 $aUNISA